Tous les vainqueurs de Roland-Garros en simple messieurs - Statistiques

Statistiques générales
  • Ce quiz a été pris 29 fois
  • Le résultat moyen est 38 sur 124
Statistiques - réponses
Hint Réponse % Correct
2005 | 2006 | 2007 | +11 others Nadal
100%
2024 | 2025 Alcaraz
96%
2016 | 2021 | 2023 Djokovic
96%
2009 Federer
96%
1983 Noah
92%
2015 Wawrinka
85%
1999 Agassi
81%
1974 | 1975 | 1978 | +3 others Borg
81%
1989 Chang
69%
1984 | 1986 | 1987 Lendl
58%
1982 | 1985 | 1988 Wilander
50%
1991 | 1992 Courier
46%
1997 | 2000 | 2001 Kuerten
46%
2003 Carlos Ferrero
38%
1925 | 1927 | 1929 Lacoste
38%
1973 Nastase
38%
2004 Gaudio
27%
1962 | 1969 Laver
27%
1998 Moya
27%
1993 | 1994 Bruguera
23%
1995 Muster
23%
1924 | 1931 Borotra
19%
1990 Gomez
15%
1922 | 1926 | 1928 | +2 others Cochet
12%
2002 Costa
12%
1946 Bernard
4%
1963 Emerson
4%
1977 Vilas
4%
1892 Anet
0%
1947 Asboth
0%
1897 | 1898 | 1899 | 1900 Aymé
0%
1923 Blanchy
0%
1891 Briggs
0%
1938 Budge
0%
1933 Craxwford
0%
1957 Davidson
0%
1903 | 1904 | 1907 | +5 others Decugis
0%
1951 | 1952 Drobny
0%
1967 Emersone
0%
1905 | 1906 | 1910 Germot
0%
1972 Gimeno
0%
1911 | 1920 Gobert
0%
1937 Henkel
0%
1956 Hoad
0%
1996 Kafelnikof
0%
1970 | 1971 Kodes
0%
1939 McNeill
0%
1976 Panatta
0%
1948 | 1949 Parker
0%
1950 Patty
0%
1935 Perry
0%
1959 | 1960 Pietrangeli
0%
1893 Riboulet
0%
1966 Roche
0%
1958 Rose
0%
1953 | 1968 Rosewall
0%
1921 Samazeuilh
0%
1961 | 1964 Santana
0%
1965 Stolle
0%
1954 | 1955 Trabert
0%
1894 | 1895 | 1896 | +2 others Vacherot
0%
1934 | 1936 Von Cramm
0%
Aucun quiz correspondant
Distribution des résultats
% des personnes avec chaque résultat
Percentile par nombre de réponses
Votre historique - résultats
Vous n’avez pas pris ce quiz